| 000 | 02701nam a2200253Ia 4500 | ||
|---|---|---|---|
| 003 | Ost | ||
| 005 | 20260507075457.0 | ||
| 008 | 260507s9999||||xx |||||||||||||| ||und|| | ||
| 020 | _a3019079957 | ||
| 040 | _cfsecg | ||
| 041 | _aara | ||
| 082 | _a510 | ||
| 100 |
_aسمور، خالد قاسم _eمؤلف |
||
| 245 | 0 |
_aالرياضيات والهندسة التحليلية / _c خالد قاسم سمور |
|
| 260 |
_aعمان: _bدار الفكر, _c2007 |
||
| 300 |
_a1242 صفحة؛ _bإيضاحات ؛ _c24 سم |
||
| 504 | _aبيبليوغرافيا ص. 124 | ||
| 520 | _aيتناول هذا الكتاب في طياته مايلي المقدمة-الاقترانات : تعريف الاقتران : المجال والمجال المقابل والمدى للاقتران : كثيرات الحدود-النهايات : الجوار : الجوار الناقص : النهاية باستخدام مبدا الجوار : قوانين النهايات : نهاية الاقترانات النسبية عندما X – a : قاعدة هوبيتال : نظرية الشطيرة- الاتصال وعدم الاتصال : تعريف الاتصال وعدم الاتصال : نظرية القيمة المتوسطة- التفاضل : المشتقة الاولى : قوانين الاشتقاق : الاشتقاق الضمني- تطبيقات التفاضل : نظرية رول : نظرية القيمة المتوسطة : التزايد والناقص- التكامل : تجزئة الفترات : المجاميع : التكامل المحدود-المعادلات التفاضلية : تعريف المعادلة التفاضلية-المتتاليات والمتسلسلات : المتتالية : المتسلسلة-الاحداثيات القطبية : تعريف الاحداث القطبى- نظم الاحداثيات الفضائية : النظام الكارتيزى او الديكارتى : الاحداثيات الاسطوانية : الاحداثيات الكروية-المتجهات وغير المتجهات : المتجهات : غير المتجهات (الكمية غير المتجة) : جبر المتجهات- الاشتقاق الجزئى : الاقتران ذى المتغيرين-التكاملات المتعددة : التكامل المزدوج- الاعداد المركبة : تعريف العدد المركب : جمع وطرح الاعداد المركبة : مرافق العدد المركب- المصفوفات : تعريف المصفوفة-مدخلة المصفوفة-تساوي المصفوفات | ||
| 653 | _aالاقترانات | ||
| 653 | _aالتفاضل | ||
| 653 | _aرياضيات | ||
| 653 | _aهندسة تحليلية | ||
| 942 | _cكتاب | ||
| 999 |
_c44680 _d44680 |
||